An ordinary landscape of violence : women loving women in Guyana /

Bibliographic Details
Main Author: Kumar, Preity R. (Author)
Format: eBook
Language:English
Published: New Brunswick : Rutgers University Press, [2024]
Series:Critical Caribbean studies
Subjects:
Online Access:Connect to the full text of this electronic book

MARC

Tag First Indicator Second Indicator Subfields
LEADER 00000nam a22000007i 4500
001 in00005468021
006 m o d
007 cr cnu---unuuu
008 240715s2024 nju ob 001 0 eng d
005 20240826132357.3
020 |a 9781978819085  |q (electronic bk.) 
020 |a 1978819080  |q (electronic bk.) 
020 |z 9781978819047 
020 |z 1978819048 
020 |z 9781978819054 
020 |z 1978819056 
035 |a (NhCcYBP)jstor22573/CATS18511918 
040 |a NhCcYBP  |c NhCcYBP 
043 |a s-gy--- 
050 4 |a HQ75.6.G95  |b K86 2024 
082 0 4 |a 306.76/6309881  |2 22 
084 |a SOC008050  |a SOC064010  |2 bisacsh 
100 1 |a Kumar, Preity R.,  |e author. 
245 1 3 |a An ordinary landscape of violence :  |b women loving women in Guyana /  |c Preity R. Kumar. 
264 1 |a New Brunswick :  |b Rutgers University Press,  |c [2024] 
300 |a 1 online resource. 
336 |a text  |b txt  |2 rdacontent 
337 |a computer  |b c  |2 rdamedia 
338 |a online resource  |b cr  |2 rdacarrier 
490 0 |a Critical Caribbean studies 
504 |a Includes bibliographical references and index. 
505 0 |a Affective Economies of the State -- Affective Economies of Religion -- Queer in Berbice: Landscapes of Respectability -- Hetero-patriarchy, Affects, Intimate Partner Violence -- Still Life. 
588 0 |a Print version record. 
650 0 |a Lesbians  |z Guyana  |x Social conditions. 
650 0 |a Lesbians  |x Violence against  |z Guyana. 
650 0 |a Lesbians  |x Abuse of  |z Guyana. 
655 7 |a Electronic books.  |2 local 
776 1 8 |i Print version:  |a Kumar, Preity R.  |t Ordinary landscape of violence.  |d New Brunswick : Rutgers University Press, [2024]  |z 9781978819047  |w (DLC) 2023047875 
856 4 0 |u http://proxy.library.tamu.edu/login?url=https://www.jstor.org/stable/10.2307/jj.18530949  |z Connect to the full text of this electronic book  |t 0 
955 |a JSTOR DDA record 
999 f f |s ee3ec05e-8a17-4762-bfdc-7b579ccb9513  |i 0ba88aa1-88c8-4fe4-be78-f5dd97fd2367  |t 0 
952 f f |a Texas A&M University  |b College Station  |c Electronic Resources  |d Available Online  |t 0  |e HQ75.6.G95 K86 2024  |h Library of Congress classification 
998 f f |a HQ75.6.G95 K86 2024  |t 0  |l Available Online